Harper Collins pocket diccionario español-alemán, deutsch-spanisch
Salvato in:
| Natura: | Libro |
|---|---|
| Lingua: | spagnolo |
| Pubblicazione: |
Ciudad de México
Grijalbo
1994
|
| Soggetti: | |
| Tags: |
Aggiungi Tag
Nessun Tag, puoi essere il primo ad aggiungerne!!
|
MARC
| LEADER | 00000nam a2200000 a 4500 | ||
|---|---|---|---|
| 001 | UCX8787 | ||
| 003 | CL-VaPUC | ||
| 008 | 940427e19940000MX |||||||||||||||||spa|d | ||
| 082 | 0 | 4 | |a 433 |b HAR |2 21 |
| 245 | 1 | 0 | |a Harper Collins pocket diccionario español-alemán, deutsch-spanisch |
| 300 | |a 405 p | ||
| 942 | |c BK | ||
| 945 | |d 19940427 00:00:00 |a oaravena | ||
| 260 | |a Ciudad de México |b Grijalbo |c 1994 | ||
| 650 | 7 | |a ESPAÑOL DICCIONARIOS |2 CL-VaPUC |9 260592 | |
| 650 | 0 | |a Alemán |v Diccionarios |9 325983 | |
| 583 | |a last modification |c 19940427 00:00:00 |k Rodrigo Vera | ||
| 999 | |c 228186 |d 228184 | ||